100 Movies… 100 Quizzes - Toy Story - Statistics

General Stats
  • This quiz has been taken 98 times
  • The average score is 9 of 12
Answer Stats
Question Answer % Correct
Who is the boy who owns the toys? Andy Davis
98%
What rank does Buzz Lightyear hold? Space Ranger Captain
91%
What is this kid known for? Torturing toys
89%
What is abnormal about the toy Woody sees in this scene? It's a baby head with mechanical spider legs
82%
Who did the music for Toy Story? Randy Newman
79%
How is Buzz Lightyear chosen when he's at Planet Pizza? He's grabbed in the claw machine
78%
Why do the toys get mad at Woody? They think he murdered Buzz Lightyear in a jealous rage
78%
Why does Buzz have an existential crisis at Sid's house? He sees a Buzz Lightyear commercial
73%
Which of these actors does NOT voice a character in Toy Story? Jeremy Irons
71%
What quote from this scene has become a meme? You are a sad, strange little man, and you have my pity.
70%
Did Toy Story win Best Picture? No
54%
This pig is voiced by John Ratzenberger. What television show might parents have recognized him from? Cheers
49%
No matching quizzes found
Score Distribution
Percent of People with Each Score
Percentile by Number Answered
Your Score History
You have not taken this quiz